|
|
|
|
| LEADER |
00000nam2a2200000 4500 |
| 001 |
258330 |
| 005 |
20231101233304.0 |
| 020 |
|
|
|a RU
|b 87-88437
|
| 035 |
|
|
|a (RuTPU)RU\TPU\book\281178
|
| 090 |
|
|
|a 258330
|
| 100 |
|
|
|a 20140424g1987 m a0rusy5003 ca
|
| 101 |
0 |
|
|a rus
|
| 102 |
|
|
|a TJ
|
| 105 |
|
|
|a y j 001zy
|
| 200 |
0 |
|
|a Ч. 1 : Эндогенные месторождения
|
| 210 |
|
|
|d 1987
|
| 215 |
|
|
|a 82 с.
|
| 461 |
|
1 |
|0 (RuTPU)RU\TPU\book\274320
|t Краткий курс полезных ископаемых
|o учебное пособие
|f А. Х. Хасанов
|g Таджикский государственный университет им. В. И. Ленина
|v Ч. 1 : Эндогенные месторождения
|d 1987-
|
| 606 |
1 |
|
|a Месторождения полезных ископаемых
|x Геология
|2 stltpush
|3 (RuTPU)RU\TPU\subj\42231
|9 61918
|
| 610 |
1 |
|
|a учебные пособия
|
| 610 |
1 |
|
|a эндогенные месторождения
|
| 610 |
1 |
|
|a полезные ископаемые
|
| 610 |
1 |
|
|a исторический очерк
|
| 610 |
1 |
|
|a земная кора
|
| 610 |
1 |
|
|a химический состав
|
| 610 |
1 |
|
|a рудообразование
|
| 675 |
|
|
|a 553(075.8)
|z rus
|
| 801 |
|
0 |
|a RU
|b RuMRKP
|c 19950417
|g psbo
|
| 801 |
|
1 |
|a RU
|b 63413507
|c 20140424
|
| 801 |
|
2 |
|a RU
|b 63413507
|c 20141127
|g RCR
|
| 942 |
|
|
|c BK
|